000 00400nam a22001457a 4500
999 _c4738
_d4738
008 200824b ||||| |||| 00| 0 eng d
082 0 0 _a621.3
_bV788
100 _93776
_aVinogradov, N.
245 1 0 _aThe Industrial electrician
_cby N. Vinogradov
260 _aMoscow
_bForeign Languages Publishing House.
_c1962
300 _a312 p.
365 _d3.36
650 0 _aElectrical Engineering
942 _cBK